College Towns Quiz Stats

 Plays Quiz Updated Mar 27, 2018

Score 0/30 Timer 08:00
11 Plays Today
School Town % Correct
Michigan WolverinesAnn Arbor
78.5%
Ohio State BuckeyesColumbus
75.7%
Notre Dame Fighting IrishSouth Bend
74.8%
LSU TigersBaton Rouge
73.4%
Florida GatorsGainesville
70%
Duke Blue DevilsDurham
67.8%
Colorado BuffaloesBoulder
64%
Vanderbilt CommodoresNashville
63.9%
Alabama Crimson TideTuscaloosa
61.3%
Arizona State Sun DevilsTempe
60%
Rice OwlsHouston
59.4%
Texas A&M AggiesCollege Station
59%
Army Black KnightsWest Point
58.6%
Kentucky WildcatsLexington
58%
Maryland TerrapinsCollege Park
56.5%
School Town % Correct
Washington HuskiesSeattle
56.3%
Virginia Tech HokiesBlacksburg
54.8%
Indiana HoosiersBloomington
54.6%
Oklahoma SoonersNorman
53%
Baylor BearsWaco
51.5%
Oregon DucksEugene
51.4%
Brigham Young CougarsProvo
50.9%
Penn State Nittany LionsState College
49.9%
Stanford CardinalStanford
49%
West Virginia MountaineersMorgantown
46.4%
Northwestern WildcatsEvanston
45.4%
Kansas JayhawksLawrence
43.7%
Missouri TigersColumbia
43.2%
Iowa State CyclonesAmes
40.9%
Utah State AggiesLogan
10.9%

You're not logged in!

Compare scores with friends on all Sporcle quizzes.
OR
Log In

Sporcle TV

Today on Sporcle TV


Watch our educational content, quiz creation guides, and fun videos on Sporcle TV.

Show Comments

Extras

Top Quizzes Today


Score Distribution

Your Account Isn't Verified!

In order to create a playlist on Sporcle, you need to verify the email address you used during registration. Go to your Sporcle Settings to finish the process.

Report this User

Report this user for behavior that violates our Community Guidelines.

Details: